| 000 | 00857nam a2200253 a 4500 | ||
|---|---|---|---|
| 001 | 000030980 | ||
| 003 | DO-SdBNP | ||
| 005 | 20250822091528.0 | ||
| 007 | ta | ||
| 008 | 110608s2008 dr 000 0 spa d | ||
| 040 |
_aDO-SdBNP _bspa _cBNPHU _erda |
||
| 082 | 4 |
_a199.7293 _bM342zH _222 |
|
| 100 | 1 |
_aHernández Martínez, Jesús, _cpadre _95669 |
|
| 245 | 1 | 0 |
_aAndrés Avelino y su carta a J. Maritain / _cJesús P. Hernández. |
| 264 | 4 |
_aSanto Domingo : _bArgos, _c2008. |
|
| 300 |
_a61 páginas ; _c22 cm. |
||
| 336 |
_atexto _btxt _2rdacontent |
||
| 337 |
_asin mediación _bn _2rdamedia |
||
| 338 |
_avolumen _bnc _2rdacarrier |
||
| 590 | _aInventariado, 2018/BT | ||
| 600 | 4 |
_aGarcía Solano, Andrés Avelino _d1900-1974 _tUna carta a Maritain _xCrítica e interpretación _957498 |
|
| 910 | _aValidado. Control de calidad. MMOLINA | ||
| 942 |
_2ddc _cLBS1 |
||
| 999 |
_c30472 _d30472 |
||